000 00245 a2200109 4500
001 60605
090 _c37027
_d37027
100 _aPAF
245 _aAerodynamics-II (For GD(P) Courses)
260 _aPAF Base Masroor
_bPAF Press Masroor
300 _a11 122p
942 _aCAENUST
999 _c295678
_d295678